|
|
|
|
| LEADER |
00710cam a2200217 a 4500 |
| 001 |
0000031476 |
| 005 |
19980828090000.0 |
| 040 |
|
|
|a mod
|
| 041 |
|
|
|a eng
|
| 020 |
0 |
0 |
|a 0850522471
|
| 090 |
0 |
0 |
|a 958.1
|b MAX
|
| 100 |
1 |
0 |
|a MAXWELL
|h Leigh
|
| 245 |
1 |
0 |
|a My god- maiwand
|b operations of the South Afghanistan field force 1878-80
|c Leigh Maxwell
|
| 260 |
0 |
0 |
|a London
|b Leo Cooper
|c 1979
|
| 300 |
0 |
0 |
|a x, 277p.
|c 22cm
|
| 504 |
0 |
0 |
|a Bib:p. 268
|
| 610 |
1 |
0 |
|a Great Britain
|b Army
|b South Afghanistan Field Force
|
| 650 |
0 |
0 |
|a Afghanistan war
|
| 852 |
0 |
0 |
|a 01
|
| 999 |
|
|
|a 0033729
|b KEMENTAH
|d BOOKS
|e Umum
|f Perpustakaan KEMENTAH
|j WEEDING APPROVAL
|q OLD
|
| 999 |
|
|
|a B000013246
|b PUSARTI
|d BOOKS
|e Umum
|f PUSARTI
|j FINAL PROCESSING
|q GOOD CONDITION
|